000 00286nam a22001217a 4500
008 170609b xxu||||| |||| 00| 0 eng d
041 _aeng
080 _a328
100 _a19
101 _aSHP
245 _aA MORE PERFECT UNION INQURY AND ANALYSIS
_cHAARIS .H
942 _2udc
_cBK
999 _c16779
_d16779